| 000 | 00524nam a22001697a 4500 | ||
|---|---|---|---|
| 005 | 20251108172008.0 | ||
| 008 | 250721s9999 xx 000 0 ara d | ||
| 082 | 1 | 4 | _a811.4/عبي |
| 100 | 1 | _aالرقيات، عبيد الله بن قيس | |
| 245 | 1 | 0 | _aديوان عبيد الله بن قيس الرقيات / |
| 264 | 1 |
_aبيروت : _bدار صادر، _c[19-]. |
|
| 300 | _a231ص | ||
| 650 | 1 | 7 | _aالشعر الأموي |
| 700 | 1 |
_aنجم، محمد يوسف _eتحقيق |
|
| 942 |
_2ddc _cBK |
||
| 999 |
_c67849 _d67849 |
||